000 00677cab a2200229 4500
001 ABS55802
008 090401t1996 xxu||||| |||| 00| 0 eng d
035 _a(Sirsi) u18882
041 _aeng
100 _aJones, L.
245 _aAlmshouses: Faith, hope and charity
260 _c1996
350 _a0
490 _aHousing
_v37(7) September 1996, 28-29(2)
520 _aLooks at the complex rule system governing almshouses and considers how proposals to move towards voluntary deregulation would affect residents.
650 _aALMSHOUSES
650 _aHOUSING CORPORATION
650 _aSOCIAL HOUSING
690 _aHOUSING
942 _n0
948 _c04/03/1997
999 _c12560
_d12560